Religion and Ethics in a Globalizing World : Conflict, Dialogue, and Transformation /

This book performs a study of the role of religion in a world that is simultaneously globalizing yet deeply divided.

Bibliographic Details
Corporate Author: SpringerLink (Online service)
Other Authors: Anceschi, Luca (Editor), Camilleri, Joseph Anthony (Editor), Palapathwala, Ruwan (Editor), Wicking, Andrew (Editor)
Format: eBook
Language:English
Published: New York : Palgrave Macmillan US : Imprint: Palgrave Macmillan, 2011.
Subjects:
Online Access:Connect to the full text of this electronic book

MARC

Tag First Indicator Second Indicator Subfields
LEADER 00000cam a22000005i 4500
001 in00003725310
005 20210728125314.0
006 m o d
007 cr nn 008mamaa
008 151028s2011 xxu| o |||| 0|eng d
020 |a 9780230117686  |9 978-0-230-11768-6 
024 7 |a 10.1057/9780230117686  |2 doi 
035 |a (DE-He213)978-0-230-11768-6 
035 |a 5304982 
040 |d UtOrBLW 
072 7 |a JPS  |2 bicssc 
072 7 |a POL011000  |2 bisacsh 
082 0 4 |a 327  |2 23 
090 |a BL65.P7  |b R455 2011 
245 0 0 |a Religion and Ethics in a Globalizing World :  |b Conflict, Dialogue, and Transformation /  |c edited by Luca Anceschi, Joseph Anthony Camilleri, Ruwan Palapathwala, Andrew Wicking. 
264 1 |a New York :  |b Palgrave Macmillan US :  |b Imprint: Palgrave Macmillan,  |c 2011. 
300 |a 1 online resource (IX, 272 pages) 
336 |a text  |b txt  |2 rdacontent 
337 |a computer  |b c  |2 rdamedia 
338 |a online resource  |b cr  |2 rdacarrier 
347 |a text file  |b PDF  |2 rda 
500 |a Electronic resource. 
520 |a This book performs a study of the role of religion in a world that is simultaneously globalizing yet deeply divided. 
650 1 4 |a Political Science and International Relations. 
650 2 4 |a Globalization. 
650 2 4 |a International Relations. 
650 2 4 |a Political Science. 
650 2 4 |a Religion and Society. 
650 2 4 |a Social Aspects of Religion. 
650 0 |a Globalization.  |0 http://id.loc.gov/authorities/subjects/sh99010179 
650 0 |a International relations.  |0 http://id.loc.gov/authorities/subjects/sh85067435 
650 0 |a Political science.  |0 http://id.loc.gov/authorities/subjects/sh85104440 
650 0 |a Religion and sociology.  |0 http://id.loc.gov/authorities/subjects/sh85112587 
655 7 |a Electronic books.  |2 local 
700 1 |a Anceschi, Luca,  |e editor. 
700 1 |a Camilleri, Joseph Anthony,  |e editor. 
700 1 |a Palapathwala, Ruwan,  |e editor. 
700 1 |a Wicking, Andrew,  |e editor. 
710 2 |a SpringerLink (Online service)  |0 http://id.loc.gov/authorities/names/no2005046756 
773 0 |t Springer eBooks 
776 1 8 |i Printed edition:  |z 9781349289219 
856 4 0 |u http://proxy.library.tamu.edu/login?url=https://dx.doi.org/10.1057/9780230117686  |z Connect to the full text of this electronic book  |t 0 
999 f f |s a8c6eceb-b0ec-3a30-ab10-18230ca4955f  |i 1e86dd8d-1773-3bf7-a54f-f335eaafe6d7  |t 0 
952 f f |a Texas A&M University  |b College Station  |c Electronic Resources  |d Available Online  |t 0  |e BL65.P7 R455 2011  |h Library of Congress classification 
998 f f |a BL65.P7 R455 2011  |t 0  |l Available Online